00353pab a2200121 454500008004000000100001600040245008200056260000900138300001200147362001500159650002300174773003400197180718b1988 xxu||||| |||| 00| 0 eng d aSidhu, H.S. aWage determination in the rural labour marketbThe case of Punjab and Haryana c1988 aA147-50 a24-31 Dec. aWage Determination aEconomic and Political Weekly